Disneycolor / (Registro nro. 12527)

Detalles MARC
000 -LIDER
fixed length control field 00862nam a22002891i 4500
001 - NÚMERO DE CONTROL
Identificador de número de control
003 - IDENTIFICACDOR DE NÚMERO DE CONTROL
control field DO-SdBNP
005 - DATE AND TIME OF LATEST TRANSACTION
control field 20170120120218.0
008 - ELEMENTOS DE LONGITUD FIJA
fixed length control field 900725s1980 sp spa
016 7# - NO. DE CONTROL DE LA AGENCIA BIB. NACIONAL
Record control number
Source BPMSU
017 ## - NÚMERO DE REGISTRO DE DERECHOS DE AUTOR
Copyright or legal deposit number
Assigning agency
020 ## - ISBN
International Standard Book Number 843101816X
035 ## - NÚMERO LOCAL
System control number
035 ## - NÚMERO LOCAL
System control number (OCoLC)
040 ## - FUENTE DE CATALOGACIÓN
Agencia que crea de manera original el registro BPMSU
Idioma de catalogación spa
Agencia que realiza la transcripción BPMSU
080 #0 - NÚMERO DE CLASIFICACIÓN DECIMAL UNIVERSAL
Universal Decimal Classification number
100 1# - ASIENTO PRINCIPAL -- NOMBRE PERSONAL
Nombre personal Disney, Walt
Fechas asociadas con el nombre 1901-1966
245 10 - MENCIÓN DE TITULO
Título Disneycolor /
Medio (Designación general de material)
Mención de responsabilidad por Walt Disney ; textos F. Capdevila
250 ## - MENCIÓN DE EDICION
Mención de edición 3ª ed.
260 ## - PUBLICACIÓN, DISTRIBUCIÓN, ETC. (PIE DE IMPRENTA)
Lugar de publicación, distribución, etc Barcelona :
Nombre del editor, distribuidor, etc. Toray,
Fecha de publicación, distribución, etc 1980
300 ## - DESCRIPCIÓN FÍSICA
Extensión v. :
Otros detalles físicos il. ;
Dimensiones 26 cm
500 ## - NOTA GENERAL
Nota general La biblioteca posee el v. 3
505 ## - NOTA DE CONTENIDO
Campo enlazado y núm. de secuencia v. 3 : Donald y el perrito perdido -- El patito feo -- Caperucita roja -- Bongo -- Los tres caballeros -- Pluto -- Chip y Chop -- Goofy
700 1# - ASIENTO SECUNDARIO -- NOMBRE PERSONAL
Nombre personal Capdevila, F.
942 ## - ADDED ENTRY ELEMENTS (KOHA)
Source of classification or shelving scheme Dewey Decimal Classification
Koha item type Libros
956 ## - LOCAL ELECTRONIC LOCATION AND ACCESS (OCLC)
Nombre de host VMATEO
Número de acceso 10
Información de compresión 20170120
Trayectoria BPMSU
Nombre Electrónico 0069
Existencias
Withdrawn status Lost status Source of classification or shelving scheme Damaged status Not for loan Collection code Home library Current library Date acquired Source of acquisition Total Checkouts Barcode Date last seen Price effective from Koha item type
    Dewey Decimal Classification     Colección Infantil General Biblioteca Pública Metropolitana Salomé Ureña Biblioteca Pública Metropolitana Salomé Ureña 01/20/2017 Sellar   BPMET17010745 01/20/2017 01/20/2017 Libros